[Event "Hessen-ch U14/U18 Girls"]
[Site "Bad Homburg"]
[Date "2014.04.18"]
[Round "7"]
[White "Poetsch, Leonore"]
[Black "Torgashov, Katerina"]
[Result "1-0"]
[WhiteElo "1529"]
[BlackElo "1695"]
[PlyCount "87"]
[EventDate "2014.04.??"]
[EventType "swiss"]
[EventRounds "7"]
[EventCountry "GER"]
[SourceTitle "EXT 2022"]
[Source "ChessBase"]
[SourceDate "2021.10.06"]
[SourceVersion "1"]
[SourceVersionDate "2021.10.06"]
[SourceQuality "1"]

1. e4 e5 2. Nf3 Nc6 3. Bc4 Nf6 4. Ng5 d5 5. exd5 Na5 6. Bb5+ c6 7. dxc6 bxc6 8. Qf3 Bd7 9. Bd3 h6 10. Ne4 Nxe4 11. Bxe4 Bd6 12. 0-0 0-0 13. Bf5 Bxf5 14. Qxf5 Qc7 15. g3 Rfe8 16. Nc3 Rab8 17. Ne4 Be7 18. d3 g6 19. Nf6+ Bxf6 20. Qxf6 Re6 21. Qf3 Kg7 22. b3 Rh8 23. Bb2 f6 24. Rfe1 Rhe8 25. Qe3 Qd7 26. Bc3 Qc7 27. Qc5 Nb7 28. Qxa7 R8e7 29. Qe3 Nd6 30. Bb4 Nf5 31. Qd2 Nd4 32. Qd1 c5 33. Bc3 Qc6 34. Bxd4 exd4 35. Rxe6 Rxe6 36. Qd2 Qf3 37. Re1 Rxe1+ 38. Qxe1 Kf7 39. a4 Qc6 40. Qe4 Qxe4 41. dxe4 Ke7 42. Kf1 Kd6 43. Ke2 Ke5 44. Kd3 1-0

[Event "Hessen-ch U14/18 Girls"]
[Site "Bad Homburg"]
[Date "2013.??.??"]
[Round "1"]
[White "Tampe, Katharina"]
[Black "Torgashov, Katerina"]
[Result "0-1"]
[WhiteElo "937"]
[BlackElo "1322"]
[PlyCount "88"]
[EventDate "2013.03.??"]
[EventType "swiss"]
[EventRounds "7"]
[EventCountry "GER"]
[SourceTitle "EXT 2014"]
[Source "ChessBase"]
[SourceDate "2013.11.20"]
[SourceVersion "1"]
[SourceVersionDate "2013.11.20"]
[SourceQuality "1"]

1. e4 e5 2. Nf3 Nc6 3. g3 Nf6 4. d3 Bc5 5. Bg2 d6 6. 0-0 0-0 7. c4 Bg4 8. Nc3 a6 9. a3 Nd4 10. Rb1 a5 11. Be3 Nxf3+ 12. Bxf3 Bxf3 13. Qxf3 Bxe3 14. fxe3 c6 15. Qf5 Qc8 16. d4 Qxf5 17. exf5 exd4 18. exd4 Rfe8 19. Rbe1 Ng4 20. b3 Ne3 21. Rf2 Kf8 22. Ree2 Ng4 23. Rf4 Rxe2 24. Nxe2 Re8 25. Rxg4 Rxe2 26. Rh4 h6 27. f6 Re3 28. Rf4 g6 29. b4 a4 30. Kf2 Rxa3 31. Re4 Rb3 32. b5 cxb5 33. cxb5 Rxb5 34. d5 Rxd5 35. Rxa4 Ke8 36. Ra7 Rb5 37. Ra4 Kd7 38. Re4 Re5 39. Rb4 b5 40. Rb1 Ke6 41. Rd1 Rd5 42. Re1+ Kxf6 43. Kg2 Re5 44. Rd1 Ke6 0-1

[Event "Hessen-ch U14/18 Girls"]
[Site "Bad Homburg"]
[Date "2013.??.??"]
[Round "5"]
[White "Torgashov, Katerina"]
[Black "Diener, Carolin Valeria"]
[Result "0-1"]
[WhiteElo "1322"]
[BlackElo "1717"]
[PlyCount "56"]
[EventDate "2013.03.??"]
[EventType "swiss"]
[EventRounds "7"]
[EventCountry "GER"]
[SourceTitle "EXT 2014"]
[Source "ChessBase"]
[SourceDate "2013.11.20"]
[SourceVersion "1"]
[SourceVersionDate "2013.11.20"]
[SourceQuality "1"]

1. e4 e5 2. Nf3 Nc6 3. Bc4 Bc5 4. d3 Nf6 5. 0-0 d6 6. c3 Bb6 7. Nbd2 0-0 8. Re1 h6 9. Nf1 Re8 10. Ng3 Be6 11. Bb3 d5 12. exd5 Bxd5 13. Bxd5 Qxd5 14. Qd2 Rad8 15. Rd1 Rd7 16. Nf5 e4 17. Nxg7 Red8 18. Qxh6 Ng4 19. Nh5 Nxh6 20. Nf6+ Kg7 21. Nxd5 Rxd5 22. Nh4 Rxd3 23. Rxd3 Rxd3 24. h3 Rd1+ 25. Kh2 e3 26. Nf3 e2 27. g4 Bxf2 28. Kg2 Be3 0-1

[Event "GER-ch U12"]
[Site "Oberhof"]
[Date "2012.05.31"]
[Round "8"]
[White "Torgashov, Katerina"]
[Black "Zimmer, Luca"]
[Result "1-0"]
[WhiteElo "1222"]
[BlackElo "1051"]
[PlyCount "55"]
[EventDate "2012.05.27"]
[EventType "swiss"]
[EventRounds "11"]
[EventCountry "GER"]
[SourceTitle "CBM 148 Extra"]
[Source "ChessBase"]
[SourceDate "2012.06.22"]
[SourceVersion "1"]
[SourceVersionDate "2012.06.22"]
[SourceQuality "1"]

1. e4 e6 2. d4 d5 3. Nc3 Bb4 4. exd5 exd5 5. Bd3 Nc6 6. Nge2 Bxc3+ 7. bxc3 Nge7 8. 0-0 Bf5 9. Ng3 Bg6 10. Re1 0-0 11. Ba3 Re8 12. Qf3 Qd7 13. Re3 Bxd3 14. cxd3 g6 15. Rae1 Nf5 16. Nxf5 gxf5 17. Qh5 Kh8 18. Qh6 Re6 19. Rxe6 fxe6 20. Qf6+ Kg8 21. Rxe6 Qf7 22. Qg5+ Qg7 23. Qxf5 Rd8 24. Re3 Kh8 25. Rg3 Re8 26. Kf1 Ne7 27. Qe6 Qf8 28. Qe5+ 1-0

[Event "Hessen-ch U12"]
[Site "Bad Homburg"]
[Date "2012.??.??"]
[Round "4"]
[White "Wachsmann, Dietmar"]
[Black "Torgashov, Katerina"]
[Result "1-0"]
[WhiteElo "1400"]
[BlackElo "1168"]
[PlyCount "65"]
[EventDate "2012.04.??"]
[EventType "swiss"]
[EventRounds "9"]
[EventCountry "GER"]
[SourceTitle "EXT 2015"]
[Source "ChessBase"]
[SourceDate "2014.11.20"]
[SourceVersion "1"]
[SourceVersionDate "2014.11.20"]
[SourceQuality "1"]

1. e4 e5 2. f4 d6 3. Nf3 Nc6 4. Bb5 Bd7 5. Nc3 exf4 6. d4 Nce7 7. Bxf4 Bxb5 8. Nxb5 a6 9. Nc3 Ng6 10. Be3 c6 11. 0-0 Nf6 12. Qe1 Qd7 13. Rd1 Be7 14. Bg5 Qc7 15. e5 dxe5 16. dxe5 Ng4 17. Qg3 Bc5+ 18. Kh1 Ne3 19. Bxe3 Bxe3 20. Qe1 Bf4 21. e6 0-0 22. Rd7 Qc8 23. Rxf7 Re8 24. Nd4 c5 25. Nf5 Rxe6 26. Rxg7+ Kh8 27. Qd1 Be5 28. Qd7 Qxd7 29. Rxd7 Rf6 30. Ne4 Rff8 31. Ng5 h6 32. Rh7+ Kg8 33. Nxh6# 1-0

[Event "GER-ch U12"]
[Site "Oberhof"]
[Date "2011.06.14"]
[Round "5"]
[White "Allin, Katharina"]
[Black "Torgashov, Katerina"]
[Result "1-0"]
[WhiteElo "1256"]
[BlackElo "1043"]
[PlyCount "81"]
[EventDate "2011.06.11"]
[EventType "swiss"]
[EventRounds "11"]
[EventCountry "GER"]
[SourceTitle "CBM 142 Extra"]
[Source "ChessBase"]
[SourceDate "2011.06.27"]
[SourceVersion "1"]
[SourceVersionDate "2011.06.27"]
[SourceQuality "1"]

1. e4 e5 2. Nf3 Nc6 3. Bc4 Bc5 4. c3 Nf6 5. d3 0-0 6. Bg5 h6 7. Bh4 Be7 8. Nbd2 Nh5 9. Nxe5 Bxh4 10. Qxh5 Nxe5 11. Qxe5 d6 12. Qh5 Bg5 13. Nf3 Be6 14. Nxg5 Qxg5 15. Qxg5 hxg5 16. h4 gxh4 17. Rxh4 Bxc4 18. dxc4 Rae8 19. 0-0-0 g6 20. f3 f5 21. exf5 gxf5 22. Rd5 Re5 23. f4 Rxd5 24. cxd5 Re8 25. Rh5 Rf8 26. Rg5+ Kh7 27. Kd2 Rg8 28. Rh5+ Kg6 29. Rg5+ Kh7 30. Ke3 Rxg5 31. fxg5 Kg6 32. Kf4 a6 33. a3 b5 34. b4 Kg7 35. Kxf5 Kf7 36. g3 Kg7 37. g6 Kf8 38. Kf6 Kg8 39. g7 Kh7 40. Kf7 Kh6 41. g8Q 1-0